| 000 | 00938nam a22002057a 4500 | ||
|---|---|---|---|
| 999 |
_c5468 _d5468 |
||
| 003 | AR-CdUCM | ||
| 008 | 190312b ||||| |||| 00| 0 spa d | ||
| 040 |
_aMUNICIPALIDAD PROVINCIAL DEL CUSCO _cBIBLIOTECA MUNICIPAL DEL CUSCO |
||
| 082 |
_a912 / _bV75 |
||
| 100 |
_aVisintin, Luigi _916444 |
||
| 245 |
_aContinentes y Países : _bGeografía Ilustrada del Mundo Moderno / |
||
| 260 |
_aBuenos Aires : _bCODEX S.A , _c1962. |
||
| 300 |
_a2 tomos ; _c33 cm. _eMapas, Ilustraciones , Cuadros Estadisticos |
||
| 505 | _aContenido: t.1: Geografía general -- América -- Regiones polares -- Océanos ... --- t.2: Europa -- Europa Física -- Europa Ibérica Física -- Península Ibérica Física -- España y Portugal -- Región Francesa -- Francia, Bélgica y Holanda -- Asia -- Asia Física Asia Política... | ||
| 650 |
_aMapas _916445 |
||
| 650 |
_aGeografía _9318 |
||
| 650 |
_aContinentes _9105 |
||
| 942 |
_2ddc _cLIBROS |
||
| 945 | _artm | ||